Úvod do psychologie
Guardado en:
| Autor principal: | |
|---|---|
| Formato: | Libro |
| Lenguaje: | checo |
| Publicado: |
Praha
ACADEMIA
2003
|
| Edición: | 1. vyd. |
| Materias: | |
| Etiquetas: |
Sin Etiquetas, Sea el primero en etiquetar este registro!
|
MARC
| LEADER | 00000nam$a2200000$$$4500 | ||
|---|---|---|---|
| 001 | 0053579 | ||
| 005 | 20240306141724.9 | ||
| 020 | |a 80-200-0993-0 | ||
| 041 | 0 | |a cze | |
| 044 | |a CZ | ||
| 245 | 1 | 0 | |a Úvod do psychologie |c Milan Nakonečný |
| 250 | |a 1. vyd. | ||
| 264 | 1 | |a Praha |b ACADEMIA |c 2003 | |
| 300 | |a 507 s. | ||
| 610 | 2 | 0 | |a psychológia |
| 610 | 2 | 0 | |a metodológia |
| 610 | 2 | 0 | |a veda |
| 610 | 2 | 0 | |a správanie |
| 610 | 2 | 0 | |a motivácia |
| 610 | 2 | 0 | |a osobnosť |
| 610 | 2 | 0 | |a vývoj |
| 610 | 2 | 0 | |a choroby duševné |
| 100 | 1 | |a Nakonečný, Milan | |